Foreign policy (Record no. 3765)

MARC details
000 -LEADER
fixed length control field 03900cam a22004817a 4500
001 - CONTROL NUMBER
control field 16453240
003 - CONTROL NUMBER IDENTIFIER
control field OSt
005 - DATE AND TIME OF LATEST TRANSACTION
control field 20230704115819.0
008 - FIXED-LENGTH DATA ELEMENTS--GENERAL INFORMATION
fixed length control field 100910s2009 quc b 001 0 eng d
010 ## - LIBRARY OF CONGRESS CONTROL NUMBER
LC control number 2010502234
015 ## - NATIONAL BIBLIOGRAPHY NUMBER
National bibliography number GBA8B8784
Source bnb
016 7# - NATIONAL BIBLIOGRAPHIC AGENCY CONTROL NUMBER
Record control number 014777368
Source Uk
020 ## - INTERNATIONAL STANDARD BOOK NUMBER
International Standard Book Number 9780773534346 (hbk. : acidfree paper)
020 ## - INTERNATIONAL STANDARD BOOK NUMBER
International Standard Book Number 0773534342 (hbk. : acidfree paper)
020 ## - INTERNATIONAL STANDARD BOOK NUMBER
International Standard Book Number 9780773534384 (pbk. : acidfree paper)
020 ## - INTERNATIONAL STANDARD BOOK NUMBER
International Standard Book Number 0773534385 (pbk. : acidfree paper)
035 ## - SYSTEM CONTROL NUMBER
System control number (OCoLC)ocn262719229
040 ## - CATALOGING SOURCE
Original cataloging agency UKM
Transcribing agency UKM
Modifying agency CDX
-- BWX
-- SDB
-- IWA
-- MAC
-- ALAUL
-- BTCTA
-- YDXCP
-- BAKER
-- DLC
042 ## - AUTHENTICATION CODE
Authentication code lccopycat
043 ## - GEOGRAPHIC AREA CODE
Geographic area code n-cn---
050 00 - LIBRARY OF CONGRESS CALL NUMBER
Classification number F1029
Item number .A13 2009
082 04 - DEWEY DECIMAL CLASSIFICATION NUMBER
Classification number 353
Edition number 22
Item number UNG
245 00 - TITLE STATEMENT
Title Foreign policy
Statement of responsibility, etc. edited by Robert Bothwell and Jean Daudelin.
246 3# - VARYING FORM OF TITLE
Title proper/short title One hundred years of Canadian foreign policy
260 ## - PUBLICATION, DISTRIBUTION, ETC. (IMPRINT)
Place of publication, distribution, etc. Montréal, Québec, Ithaca, NY :
Name of publisher, distributor, etc. McGill-Queen's University Press ;
Place of publication, distribution, etc. Chesham :
Name of publisher, distributor, etc. Combined Academic [distributor],
Date of publication, distribution, etc. 2009.
300 ## - PHYSICAL DESCRIPTION
Extent xii, 400 p. ;
Dimensions 23 cm.
490 1# - SERIES STATEMENT
Series statement Canada among nations 2008
500 ## - GENERAL NOTE
General note "Published for the Norman Paterson School of International Affaris, Carleton University, in cooperation with The Centre for International Governance Innovation."
504 ## - BIBLIOGRAPHY, ETC. NOTE
Bibliography, etc Includes bibliographical references and index.
505 0# - FORMATTED CONTENTS NOTE
Formatted contents note Foreign affairs a hundred years on / Robert Bothwell -- "A sad, general decline?": the Canadian diplomat in the 20th century / Greg Donaghy -- Managers, innovators and diplomats: Canada's foreign ministers / Gerald Wright -- Old wine, new bottles: Canadian economic multilateralism and the North Atlantic triangle, 1941-1947 / Kathleen Rasmussen -- The interplay of defence and foreign policy / Roger Sarty -- Canada's contribution to international law / William A. Schabas -- "And who is my neighbour?" Refugees, public opinion, and policy in Canada since 1900 / Julie Gilmour -- Foreign aid and Canadian purpose: influence and policy in Canada's international development assistance / Ian Smillie -- Tools and levers: energy as an instrument of Canadian foreign policy / Duane Bratt -- A special relationship? The importance of France in Canadian foreign policy / Justin Massie -- From King to Kandahar: Canada, multilateralism and conflict in the Pacific, 1909-2009 / John Meehan and David Webster -- Chinese shadows / Fred Edwards -- The transatlantic romance of the North Atlantic triangle: narratives of autonomy and empire in Canadian foreign relations / Cara Spittal -- And the beat goes on: "identity" and Canadian foreign policy / David G. Haglund.
520 ## - SUMMARY, ETC.
Summary, etc. The editors take a critical look at the now almost mainstream "declinist" thesis and at the continued relevance of Canada's relationships with its principal allies - the United Kingdom, France, and the United States. Contributors discuss a broad range of themes, including the weight of a changing identity in the evolution of the country's foreign policy, the fate of Canadian diplomacy as a profession, the often complicated relationship between foreign and trade policies, the impact of immigration and refugee procedures on foreign policy, and the evolving understanding of development and defence as components of Canada's foreign policy.
651 #0 - SUBJECT ADDED ENTRY--GEOGRAPHIC NAME
Geographic name Canada
General subdivision Foreign relations.
651 #0 - SUBJECT ADDED ENTRY--GEOGRAPHIC NAME
Geographic name Canada
General subdivision Politics and government.
651 #0 - SUBJECT ADDED ENTRY--GEOGRAPHIC NAME
Geographic name Canada
General subdivision History.
700 1# - ADDED ENTRY--PERSONAL NAME
Personal name Bothwell, Robert.
700 1# - ADDED ENTRY--PERSONAL NAME
Personal name Daudelin, Jean,
Dates associated with a name 1960-
710 2# - ADDED ENTRY--CORPORATE NAME
Corporate name or jurisdiction name as entry element Norman Paterson School of International Affairs.
776 08 - ADDITIONAL PHYSICAL FORM ENTRY
Relationship information Online version:
Title 100 years of Canadian foreign policy.
Place, publisher, and date of publication Montréal, Québec : McGill-Queen's University Press ; Chesham : Combined Academic [distributor], 2009
Record control number (OCoLC)653377748
830 #0 - SERIES ADDED ENTRY--UNIFORM TITLE
Uniform title Canada among nations.
906 ## - LOCAL DATA ELEMENT F, LDF (RLIN)
a 7
b ibc
c copycat
d 2
e ncip
f 20
g y-gencatlg
942 ## - ADDED ENTRY ELEMENTS (KOHA)
Source of classification or shelving scheme Dewey Decimal Classification
Koha item type Books
Holdings
Withdrawn status Lost status Source of classification or shelving scheme Damaged status Not for loan Home library Current library Date acquired Total Checkouts Full call number Barcode Date last seen Price effective from Koha item type
    Dewey Decimal Classification     County Hall Archives County Hall Archives 07/04/2023   353 UNG 10001698 07/04/2023 07/04/2023 Books
LIBRARY OPENING HOURS

When the Parliament is sitting: 8.00a.m - 7.00p.m or until the house adjourns
Mondays and Fridays and when the House is on Recess:  8.00a.m - 5.00p.m
Closed on Weekends and Public Holidays

Online Public Access Catalog (OPAC)
Website: http://www.parliament.go.ke
Bunge Library: https://libraryir.parliament.go.ke
Contact: library@parliament.go.ke | Tel no: (254-2)2221291 or 2848000 Ext 5043